000 00794nam a22002297a 4500
005 20240530110407.0
008 150204s2011 ua od g 000 0 ara d
017 _a2009/10964
_bمصر . دار الكتب المصرية
020 _a9773682811
040 _aEG-CaGPL
041 0 _aara
082 0 4 _221
_a005.3\
_bم ف
100 0 _aمريم مختار
245 1 0 _aفوتوشوب الاصدار العاشر =
_badobe photoshop CS 3/
_cمريم مختار
250 _aط 1
260 _aالاسكندرية :
_bمؤسسة حورس الدولية ؛
_c2011
300 _a2 ج :
_bايض ؛
_c24 سم
650 0 4 _aادوبى فوتوشوب
650 0 4 _aالحاسبات الالكترونية
_xبرامج
942 _2ddc
_cBK
999 _c60382
_d60382